Responses for show #8293 - Wednesday, December 2, 2020

Contestants

[<< previous game]

Michael Liu, a college student from San Marino, California

Leslie Minot, a grant writer from Las Vegas, Nevada

T.J. Tallie, an assistant professor of African history from San Diego, California (whose 1-day cash winnings total $18,200)

[next game >>]

Jeopardy! Round responses

EARLY AMERICAN HISTORY
CITY WORDS
(Alex: Each correct response will be the name of a city.)
OVAL & OVAL AGAIN
SCIENCE BOOKS
THE HIP-HOP ERA
NONPROFITS
    $200 6
tea

T.J.!
    $200 5
a Havana

T.J.!
    $200 11
a football

T.J.!
    $200 18
Evolution

Michael
    $200 26
Auto-Tune

Michael
    $200 20
PETA

Leslie
    $400 4
Psalms

Leslie
    $400 10
(Leslie: What is Texas?)

Omaha

Leslie
Triple Stumper
    $400 15
the Oval Office

Michael
    $400 19
creation

Leslie
    $400 27
Straight Outta Compton

T.J.!
    $400 21
MANNA

T.J.!
    $600 1
(T.J.!: What is the Line of Settlement?)

the Mason-Dixon Line

T.J.!
Triple Stumper
    $600 8
Cologne

Michael
    $600 12
Peterbilt

Triple Stumper
    $600 13
Extinction

Leslie
    $600 28
Nicki Minaj

T.J.!
    $600 23
(T.J.!: What is Greenpeace?)

the Natural Resources Defense Council

T.J.!Leslie
    $800 2
Maryland

T.J.!
    $800 7
(Leslie: What is... sorry.)

Mecca

Leslie
Triple Stumper
    $800 16
(T.J.!: What is the stomach?)

the ear

T.J.!
Triple Stumper
    $800 14
universes

Michael
    $800 29
Def Jam

Triple Stumper
    $500 24
(Alex: Leslie?)
(Leslie: [No response])

Rotary International

Leslie
    $1000 3
the Articles of Confederation

T.J.!
    $1000 9
Providence

T.J.!
    $1000 17
Vancouver

Michael
    $1000 22
(Enrico) Fermi

Michael
    $1000 30
"Hip Hop Hooray"

Triple Stumper
    $1000 25
ProPublica

Leslie

Scores at the first commercial break (after clue 15):

T.J.! Leslie Michael
$2,800 -$200 $1,800

Scores at the end of the Jeopardy! Round:

T.J.! Leslie Michael
$2,800 $1,500 $4,200

Double Jeopardy! Round responses

THE 2020 PULITZER PRIZES
CROSSWORD CLUES "G"
COUNTRIES OF THE WORLD
TAKING YOUR MEASURE
ALLITERATIVE TV SHOWS
NON-PROPHETS
    $400 30
Hong Kong

Michael
    $400 1
guillotine

Leslie
    $400 6
the Czech Republic

T.J.!
    $400 21
a mile

T.J.!
    $400 20
Breaking Bad

T.J.!
    $400 11
sheep

T.J.!
    $800 26
(T.J.!: What is four?)
(Michael: What is three?)

two

T.J.!Michael
Triple Stumper
    $800 2
gridlock

Michael
    $800 8
(Michael: What is Vatican City?)

Italy

LeslieMichael
    $800 22
a pint

T.J.!
    $2,500 16
Family Feud

T.J.!
    $800 13
(T.J.!: Who is Peter?)

Paul

T.J.!
Triple Stumper
    $1200 27
This American Life

T.J.!
    $1200 3
gregarious

T.J.!
    $1200 9
Portugal

Michael
    $7,300 23
(T.J.!: What is joves?)

Jupiter

T.J.!
    $1200 17
Wonder Woman

T.J.!
    $1200 12
Elijah

T.J.!
    $1600 28
1619

T.J.!
    $1600 4
gibbon

Triple Stumper
    $1600 10
Guinea-Bissau

T.J.!
    $1600 25
a kilogram

T.J.!
    $1600 18
a cold case

T.J.!
    $1600 14
brimstone

Michael
    $2000 29
the Central Park Five

Michael
    $2000 5
germane

Michael
    $2000 7
Bhutan

Leslie
    $2000 24
viscosity

Michael
    $2000 19
Bosom Buddies

T.J.!
    $2000 15
gnosticism

T.J.!

Scores at the end of the Double Jeopardy! Round:

T.J.! Leslie Michael
$14,000 $4,700 $12,600

[wagering suggestions for these scores]

Final Jeopardy! Round responses

NOVEL CHARACTERS
[It seems Leslie was going for "Mr. Hyde".]
(Alex: [Before revealing the responses] He didn't get the revenge and it ended quite badly for him.)
...
(Alex: The chase for the great white whale, [*].)
LeslieWho is Mr. l l
$2,000
MichaelWho is Frankenstein
$10,000
T.J.!Who is the Count of Monte Cristo
$12,000
Captain Ahab

Final scores:

T.J.! Leslie Michael
$2,000 $2,700 $2,600
3rd place: $1,000 New champion: $2,700 2nd place: $2,000

Game dynamics:

Coryat scores:

T.J.! Leslie Michael
$19,600 $5,200 $12,600
25 R
(including 1 DD),
6 W
(including 1 DD)
9 R,
3 W
(including 1 DD)
14 R,
2 W

Combined Coryat: $37,400

The J! Archive is created by fans, for fans. The Jeopardy! game show and all elements thereof, including but not limited to copyright and trademark thereto, are the property of Jeopardy Productions, Inc. and are protected under law. This website is not affiliated with, sponsored by, or operated by Jeopardy Productions, Inc. Join the discussion at JBoard.tv.